MDQL
is popping MORE tags! Check the
thread
!
Quizzes
Events
Quiz Creation
Community
Videos
Private Events
Remove Ads
Sign In
Join for FREE
Feedback
Dark Mode
Quiz Categories
Sports
Geography
Music
Movies
Television
Just For Fun
Miscellaneous
History
Literature
Language
Science
Gaming
Entertainment
Religion
Holiday
For Kids
Quiz Lab
Recent
Popular Today
Quiz Kudos Today
Editor Picks
Curator Picks
Quizzes by...
Day
Popularity
Type
Ratings
Length
Year
Community
Subscriptions
Recent Discussions
Orange Saloon
Badges
Playlists
Quests
Create
Leaderboards
Showdown
Live 5
Trivia Bingo
Activity
Puzzle Library
Sporcle Events
Private Events
Virtual Trivia
Globe League
Become a Host
Pub Owners
SporcleCon
Opinionation
Our Games
Videos
Blog
Mobile Apps
Partnerships
Remove Ads and Go Orange
Feedback
Sports
Athletes
MLB
NBA
NHL
NFL
Soccer
Sports Teams
WWE
NCAA
Football
Premier League
Basketball
Baseball
Hockey
Golf
Tennis
Cricket
Rugby
Auto Racing
Olympics
World Cup
Sports
Athletes
MLB
NBA
NHL
NFL
Soccer
Sports Teams
WWE
NCAA
Football
Premier League
Basketball
Baseball
Hockey
Golf
Tennis
Cricket
Rugby
Auto Racing
Olympics
World Cup
Random Quiz
Search Sporcle
×
Quiz Lab
Quiz Lab
Sports
Starting
Type in answers that appear in a list
Type in answers that appear in a list
Classic
Best Score? Go Orange.
Tampa Bay Buccaneers starting QBs - 1976-2023 Stats
Can you name the Tampa Bay Buccaneers starting QBs - 1976-2023?
By
tunnel
15m
40 Questions
162 Plays
162 Plays
162 Plays
Comments
Comments
Give Quiz Kudos
Give Quiz Kudos
-
- Ratings
hide this ad
Replay
Link that replays current quiz
Next Quiz
Link to next quiz in quiz playlist
You Got
0%
They Got
Avg Score
39%
Avg Friend Score
Upgrade to see
Score Distribution
Jump to the score distribution portion of the page
Score
0/40
Timer
15:00
0
Plays Today
Years
Player
% Correct
2014
Josh McCown
100%
2015-
2019
Jameis Winston
100%
2017-
2018
Ryan Fitzpatrick
100%
2020-
2022
Tom Brady
100%
2023
Baker Mayfield
100%
2001-
2004
Brad Johnson
97.5%
2009
Josh Johnson
97.5%
2002
Rob Johnson
96.9%
2009-
2013
Josh Freeman
96.9%
1987-
1992
Vinny Testaverde
91.4%
1978-
1982
Doug Williams
84%
1994-
1999
Trent Dilfer
79.6%
1985-
1986
Steve Young
72.2%
1999-
2000, 2002
Shaun King
71.6%
2007-
2008
Jeff Garcia
71%
2004-
2005, 2008
Brian Griese
63.6%
1984-
1987, 1992-
1993
Steve DeBerg
61.7%
2004-
2006
Chris Simms
61.7%
1976
Steve Spurrier
58%
2006
Bruce Gradkowski
57.4%
Years
Player
% Correct
2007
Luke McCown
46.3%
1993-
1994
Craig Erickson
38.3%
1990-
1991
Chris Chandler
37%
2009
Byron Leftwich
34%
1983-
1984
Jack Thompson
27.2%
1987
Jim Zorn
25.3%
2006
Tim Rattay
23.5%
1999
Eric Zeier
22.8%
1977
Gary Huff
22.2%
1988-
1989
Joe Ferguson
19.1%
1976
Parnell Dickinson
18.5%
1978
Mike Rae
17.9%
1991
Jeff Carlson
17.3%
1976
Terry Hanratty
16.7%
1977
Randy Hedberg
16.7%
1977
Jeb Blount
13%
1983
Jerry Golsteyn
13%
1978
Mike Boryla
8.6%
1987
John Reaves
8.6%
2013-
2014
Mike Glennon
0%
Quiz Playlist
Details
Report
Send in Message
Add To Playlist
Classic:
Type in answers that appear in a list
Last Updated: Jan 20, 2024
Quiz Scoreboard
CHALLENGE
Sign Up to Join the Scoreboard
Show All
Scores
Hide
Comments
May contain spoilers
Recently Published
5x2 Blitz: Bands
by SL_Kpop136
Music
30s
Colored Red Africa Blitz
by spor1
Geography
30s
Find the 'City' Movie
by crazypaving
Movies
60s
More to Explore
Quiz From the Vault
Featured Blog Post
14 Easter Pick-up Lines to Find Eggs With
hide this ad
You Might Also Like...
Tags
Bay
Player
Quarterbacks
Starting
tampa
Tampa Bay Buccaneers
Today's Top Quizzes in Sports
Browse Sports
hide this ad
Today's Top Quizzes in Starting
Browse Starting
Top Contributed Quizzes in Sports
1
Players with Multiple 50 Home Run Seasons
2
Who Needs Fielders?
3
Criteria MLB: Left Handed Sluggers
4
MLB Players with Two .350 Batting Average Seasons
5
Who Hit More Homers?
6
2020 F1 Drivers Logic Puzzle
7
NBA Teammate Connections
8
Premier League Clubs since 2000 (minefield)
9
MLB Teams by First Game
10
Top 10 NHL Goal Scorers of All Time
Explore More
Trending Topics
Kpop
NBA
Marvel
Anime
Disney
Harry Potter
Crossword
Country
WWE
Song
Puzzle
Pokémon
Soccer
The Office
NFL
hide this ad
More By:
tunnel
Quiz
Plays
Rating
Category
Featured
Created
Formula 1 Driving Leaders (1970s)
46,886
4.55
Sports
Mar 23, 2010
Largest 300 cities in California
21,060
4.82
Geography
Oct 10, 2011
Pittsburgh Pirates lineups 1970-1989
5,741
3.73
Sports
Aug 31, 2010
Largest 200 cities in California - 2010 census
5,046
4.58
Geography
Oct 5, 2011
Formula 1 drivers - 1990s
3,657
4.50
Sports
Mar 22, 2010
Go to Creator's Profile
Score Distribution
Quiz Creator Spotlight
tunnel
Follow
Send a Message
Quizzes Created
-
Created Quiz Play Count
-
More By This Creator
Popular Quizzes Today
1
Find the 'City' Movie
2
5x2 Blitz: Bands
3
Colored Red Africa Blitz
4
The Countries of the World
5
Find the US States - No Outlines Minefield
6
Find the US States
7
9x9 Crossword: Cartoon Network
8
US States
More Sports Quizzes
International Football XIs: Italy
Published
Trending Quizzes
Colored Red Africa Blitz II
Colored Red Europe Blitz I
Colored Red Africa Blitz III
Colored Red Europe Blitz II
Colored Red Europe Blitz III
Recently Updated
Champions League XIs: Real Madrid
pecheneg
Largest US Cities 1790-2010
pecheneg
Rides in Walt Disney World
pecheneg
Most Oscar Losses (Acting)
pecheneg
Beyoncé Albums
pecheneg
Leaping Animals
pecheneg
Reality TV Shows (A-Z)
bhenderson79
Rickey Henderson's Hall of Fame Teammates
pecheneg
Champions League XIs: Arsenal
pecheneg
Quick Pick: Celebrities in WWE's Hall of Fame
aduchscher
Trending Topics
Anime
Kpop
Harry Potter
Crossword
Marvel
Disney
NBA
The Office
NFL
Country
Pokémon
Song
Soccer
Puzzle
WWE
Your Account Isn't Verified!
In order to create a playlist on Sporcle, you need to verify the email address you used during registration. Go to your
Sporcle Settings
to finish the process.
Report this User
Report this user for behavior that violates our
Community Guidelines
.
Details:
Send Report
Go to the Sporcle.com Mobile Site →
Comments